00764nam a2200229Ia 4500003000400000005001700004008004100021020001400062040000700076041000800083082002200091100004800113245006100161250000600222260004500228300001700273365001400290906006500304942001200369999001900381952013400400OSt20230511093151.0210423s2005 xx 000 0 und d a195826371 cAL aeng a615.19 223bNOGT aNOGRADY (Thomas);WEAVER (Donald F).9102170 aMedicinal chemistry: molecular and biochemical approach. a3 aNew DelhibOxford University Pressc2005 axiii,649bPB b3063cINR aapproach. ; biochemical ; chemistry: ; Medicinal ; molecular 2ddccBK c164114d164114 001040708BIOCaSACPGbSACPGd2009-10-08eAthulya Booksg3063.00l0o615.19 NOGTpPG010612r2022-08-24 00:00:00w2021-04-26yBK